000 00535nam a22001817a 4500
999 _c9967
_d9967
003 AR-CdUCM
008 190329b ||||| |||| 00| 0 spa d
040 _aMUNICIPALIDAD PROVINCIAL DEL CUSCO
_cBIBLIOTECA MUNICIPAL DEL CUSCO
082 _aEP / 800 /
_bC88
100 _aCruz, Celso
_926532
245 _aPasteur :
_bsintesis biografica /
260 _aBuenos Aires ,
_bAtlanta,
_c1956.
300 _a124 páginas ;
_c17 cm.
440 _aBiblioteca Billiken
_9765
650 _aBiografía.
_922
942 _2ddc
_cLIBROS
945 _awfj